=LDR 00000nam 2200000 4500 =001 INLIS000000000005651 =005 20251020111738 =035 ##$$a 0010-1025000706 =007 ta =008 251020###########################0#ind## =082 ##$$a 331.11 =084 ##$$a 331.11 DAR s =100 #$$a Daryono =245 1#$$a Situasi Angkatan Kerja 1971 /$c Badan Koordinasi Keluarga Berencana Nasional =260 ##$$a Jakarta :$b Badan Koordinasi Keluarga Berencana Nasional =300 ##$$a 31 Hal : $b Ilus =650 #4$$a Keluarga Berencana =856 ##$$a Perpustakaan Kemendukbangga